<?xml version="1.0" encoding="UTF-8"?>
<record
    xmlns:xsi="http://www.w3.org/2001/XMLSchema-instance"
    xsi:schemaLocation="http://www.loc.gov/MARC21/slim http://www.loc.gov/standards/marcxml/schema/MARC21slim.xsd"
    xmlns="http://www.loc.gov/MARC21/slim">

  <leader>02161nam a22002177a 4500</leader>
  <controlfield tag="005">20211029100649.0</controlfield>
  <controlfield tag="008">211029b           ||||| |||| 00| 0 eng d</controlfield>
  <datafield tag="020" ind1=" " ind2=" ">
    <subfield code="a">9780670999491</subfield>
  </datafield>
  <datafield tag="040" ind1=" " ind2=" ">
    <subfield code="c">Al</subfield>
  </datafield>
  <datafield tag="041" ind1=" " ind2=" ">
    <subfield code="a">Eng</subfield>
  </datafield>
  <datafield tag="082" ind1=" " ind2=" ">
    <subfield code="2">23</subfield>
    <subfield code="a">320.954</subfield>
    <subfield code="b">GUPI</subfield>
  </datafield>
  <datafield tag="100" ind1=" " ind2=" ">
    <subfield code="a">Shekhar Gupta</subfield>
    <subfield code="9">9267</subfield>
  </datafield>
  <datafield tag="245" ind1=" " ind2=" ">
    <subfield code="a">India empowered</subfield>
    <subfield code="b">Change agents speak on an idea whose time has come</subfield>
  </datafield>
  <datafield tag="260" ind1=" " ind2=" ">
    <subfield code="a">New Delhi</subfield>
    <subfield code="b">Express Group</subfield>
    <subfield code="c">2006</subfield>
  </datafield>
  <datafield tag="300" ind1=" " ind2=" ">
    <subfield code="a">xx,379p.</subfield>
    <subfield code="b">HB</subfield>
    <subfield code="c">24x16cm.</subfield>
  </datafield>
  <datafield tag="365" ind1=" " ind2=" ">
    <subfield code="b">&#x20B9;595.00</subfield>
    <subfield code="c">&#x20B9;</subfield>
    <subfield code="d">&#x20B9;595.00</subfield>
  </datafield>
  <datafield tag="520" ind1=" " ind2=" ">
    <subfield code="a">Empowerment is one of the chief engines driving change in India today. This is illustrated by the remarkable evolution of society from a time when journalism of courage meant exposing a wrong and moving on to the next story without much hope of closure or justice, to the present when an expose can result in other institutions - from the judiciary to civil society organizations - joining in and taking an issue to its logical conclusion. In January 2005, the "Indian Express" reported that there were no tigers left in Rajasthan's Sariska and Ranthambore sanctuaries. Shortly after this, the prime minister himself stepped in with a plan of action. The newspaper then carried a column between August and December 2005 titled 'India empowered to me is...'. The column saw what is undoubtedly the most impressive array of contributors - India's role models - sharing their thoughts, ideas and opinions on what empowerment meant in diverse situations, and how individuals and institutions can make a difference. "India Empowered: Change Agents Speak on an Idea Whose Time Has Come" brings together the 126 pieces written for this column run by the "Indian Express". The contributors range from a wheelchair-bound former fighter pilot arguing passionately for the disabled to President A.P.J. Abdul Kalam who recommends a blueprint for strengthening our villages. Leaders from the political, scientific, cultural and other arenas join in the discussion with their suggestions for some achievable and essential national goals.</subfield>
  </datafield>
  <datafield tag="650" ind1=" " ind2=" ">
    <subfield code="a"> Economic forecasting -- India -- Dictionaries</subfield>
    <subfield code="9">9268</subfield>
  </datafield>
  <datafield tag="700" ind1=" " ind2=" ">
    <subfield code="a">GUPTA (Shekhar)</subfield>
    <subfield code="9">9269</subfield>
  </datafield>
  <datafield tag="942" ind1=" " ind2=" ">
    <subfield code="2">ddc</subfield>
    <subfield code="c">GF</subfield>
  </datafield>
  <datafield tag="999" ind1=" " ind2=" ">
    <subfield code="c">220276</subfield>
    <subfield code="d">220276</subfield>
  </datafield>
  <datafield tag="952" ind1=" " ind2=" ">
    <subfield code="0">0</subfield>
    <subfield code="1">0</subfield>
    <subfield code="2">ddc</subfield>
    <subfield code="4">0</subfield>
    <subfield code="7">0</subfield>
    <subfield code="8">PS</subfield>
    <subfield code="a">AL</subfield>
    <subfield code="b">AL</subfield>
    <subfield code="l">0</subfield>
    <subfield code="o">320.954 GUPI</subfield>
    <subfield code="p">GF02208</subfield>
    <subfield code="r">2021-10-29 00:00:00</subfield>
    <subfield code="v">0.00</subfield>
    <subfield code="w">2021-10-29</subfield>
    <subfield code="y">GF</subfield>
  </datafield>
</record>
